Determinación de parámetros que explican el consumo de carne en Mar del Plata (Registro nro. 22752)

Detalles MARC
000 -LEADER
fixed length control field 00453 a2200145 4500
001 - CONTROL NUMBER
control field ART_6405
005 - DATE AND TIME OF LATEST TRANSACTION
control field 20260410161825.0
008 - FIXED-LENGTH DATA ELEMENTS--GENERAL INFORMATION
fixed length control field 260409a
100 1# - MAIN ENTRY--PERSONAL NAME
Personal name Di Paola, Rosángela
245 10 - TITLE STATEMENT
Title Determinación de parámetros que explican el consumo de carne en Mar del Plata
700 1# - ADDED ENTRY--PERSONAL NAME
Personal name Garrido, Laura
700 1# - ADDED ENTRY--PERSONAL NAME
Personal name Gentile, Natacha
700 1# - ADDED ENTRY--PERSONAL NAME
Personal name Lupín, Beatriz
773 0# - HOST ITEM ENTRY
Title FACES
Related parts - Año 8, Nº 13 (ene./abr. 2002)
Record control number REV5046

No hay ítems disponibles.